Âm nhạc 2.3B

Đã lưu trong:
Sonraí Bibleagrafaíochta
Formáid: Leabhar
Clibeanna: Cuir Clib Leis
Gan Chlibeanna, Bí ar an gcéad duine leis an taifead seo a chlibeáil!
Thư viện lưu trữ: Mạng thư viện Đại học Đà Nẵng
LEADER 00387nam a22001691a 4500
001 000039849
003 16144
005 20160412022655.0
008 160412s0 000
082 |a 4N(TK)671 
245 |a Âm nhạc 2.3B 
OWN |a LNN 
999 |a From the UDN01 
TYP |a Monograph 
980 |a Mạng thư viện Đại học Đà Nẵng